00477nam a22001337a 4500008004100000020001500041050002300056245015500079260002800234300001600262650002500278650002500303650001500328220131b |||||||| |||| 00| 0 eng d a1138029705 aS494.5b.G46 2017  aGeothermal, Wind and Solar Energy Applications in Agriculture and AquaculturecJochen Bundschuch, Guangnan Chen, D. Chandrasekharam & Janusz Piechocki aLondonbCRC Pressc2017 axliv, 359p. aAgriculture & Energy aGeothermal resources aWind power